000 01079nam a22002417a 4500
999 _c22353
_d22353
003 AR-CdUCM
008 190429b ||||| |||| 00| 0 spa d
040 _aMUNICIPALIDAD PROVINCIAL DEL CUSCO
_cBIBLIOTECA MUNICIPAL DEL CUSCO
082 _aClubCusco/N°6/2019
110 _aClub Cusco
_947913
245 _aClub Cusco :
_brevista institucional /
_cClub Cusco
260 _aCusco.
_bPantigozo,
_c2020.
300 _a156 páginas. :
_bilustraciones en color ;
_c29 cm.
440 _aClub Cusco.
_nN°6, 2019.
_947919
505 _aContenido: La caída del imperio de los incas en una nueva interpretación. -- Cusco ciudad histórica. -- La peatonalización un componente de las intervenciones urbanas en el Centro Histórico de Cusco. -- Cultura visual incas indios en el Cusco del siglo XX. -- Edad del Arte. -- Personajes legendarios del barrio de San Blas. ...
650 _aHistoria del Cusco
_91714
650 _aHistoria institucional
_947480
650 _aTurismo
_947915
650 _aPoesía
_947918
650 _aFolklore
_947916
942 _2ddc
_cPP
945 _arac